000 01026nas a2200349 4500
001 BR2012001564
003 BR-BrBNA
005 20231205120241.0
007 ta
008 230509b bl.|||p| |||| 00| 00por d
040 _aBR-BrBNA
_bpor
_cBiblioteca Nacional de Agricultura
041 _a(Pt)
072 _aP33; P34; P35
100 1 _aDoumer, M.E.
100 1 _aGiacomini, S.J.
100 1 _aSilveira, C.A.P.
100 1 _aWeiler, D.A.
100 1 _aBastos, L.M.
100 1 _aFreitas, L.L. de
245 1 _aAtividade microbiana e enzimática em solo após a aplicação de xisto retortado
650 _aFEIJÃO
650 _aXISTO
650 _aROCHA
650 _aFERTILIZANTE
650 _aMICROBIOLOGIA DO SOLO
650 _aCARBONO
650 _aQUÍMICA DO SOLO
650 _aATIVIDADE ENZÍMICA
773 0 _tPesquisa Agropecuária Brasileira (Brazil)
_xISSN 0100-204X
_g(Nov 2011), v. 46(11) p. 1538-1546
_wBR2012001564
909 _a202311
_bLúcia
_c55
_dLúcia Elande
942 _2AGRIS
_n0
_cANA
999 _c217612
_d217612